EVERY FORTNITE POI EVER - Statistics

General Stats
  • This quiz has been taken 258 times
    149 since last reset
  • The average score is 56 of 180
Answer Stats
Hint Answer % Correct
C1S2 Tilted Towers
92%
C1S1 Pleasant Park
89%
C1S1 Retail Row
82%
C1S1 Salty Springs
80%
C1S1 Dusty Depot
78%
C1S1 Loot Lake
76%
C1S4 Dusty Divot
74%
C1S1 Anarchy Acres
73%
C1S3 Lucky Landing
73%
C2S2 The Agency
73%
C1S5 Paradise Palms
71%
C1S2 Haunted Hills
68%
C1S1 Moisty Mire
68%
C1S4 Risky Reels
68%
C1S1 Fatal Fields
66%
C1S1 Flush Factory
66%
C1S1 Greasy Grove
66%
C1S2 Shifty Shafts
66%
C1S2 Snobby Shores
65%
C2S2 The Grotto
65%
C1S2 Junk Junction
64%
C1S9 Neo Tilted
64%
C1S1 Tomato Town
64%
C1S1 Wailing Woods
62%
C1S1 Lonely Lodge
61%
C2S1 Slurpy Swamp
60%
C1S5 Lazy Links
59%
C2S2 The Yacht
59%
C2S2 The Shark
58%
C2S2 The Rig
57%
C1S7 Polar Peak
56%
C1S10 Gotham City
54%
C2S1 Lazy Lake
53%
C1S7 Happy Hamlet
51%
C2S1 Misty Meadows
51%
C2S4 Stark Industries
51%
C1S7 Frosty Flights
49%
C1S10 Tilted Town
49%
C2S3 Coral Castle
48%
C1S7 The Block
48%
C2S1 Weeping Woods
48%
C1S8 | C3S3 Lazy Lagoon
47%
C1S9 Mega Mall
47%
C2S1 Dirty Docks
46%
C2S3 The Authority
46%
C2S3 Catty Corner
45%
C2S1 Steamy Stacks
45%
C2S1 Sweaty Sands
45%
C2S1 Holly Hedges
44%
C3S1 The Daily Bugle
43%
C1S8 Sunny Steps
41%
C2S3 The Fortilla
41%
C1S6 Tomato Temple
41%
C1S10 Moisty Palms
40%
C2S1 Craggy Cliffs
39%
C2S1 Frenzy Farm
39%
C4S2 Mega City
38%
C1S9 Pressure Plant
37%
C2S5 Salty Towers
37%
C6S2 Crime City
36%
C1S6 Leaky Lake
36%
C2S4 Doom's Domain
35%
C2S3 Rickety Rig
33%
C1S10 Starry Suburbs
33%
C2S6 The Spire
32%
C6S1 Burd
29%
C4S1 Frenzy Fields
27%
C5S1 Grand Glacier
27%
C5S1 Lavish Lair
27%
C5S1 Fencing Fields
26%
C5S2 Grim Gate
26%
C6S1 Masked Meadows
26%
C5S2 Mount Olympus
26%
C5S1 Classy Courts
25%
C2S6 Boney Burbs
24%
C2S5 Hunter's Haven
24%
C6S2 Outlaw Oasis
24%
C3S1 Rocky Reels
24%
C6S1 Seaport City
24%
C6S2 Shiny Shafts
24%
C2S5 Stealthy Stronghold
24%
C4S1 The Citadel
24%
C2S4 The Ruins
24%
C2S6 Colossal Crops
23%
C6S2 Lonewolf Lair
23%
C5S1 Ruined Reels
23%
C2S6 Believer Beach
22%
C5S4 Castle Doom
22%
C5S1 Pleasant Piazza
22%
C5S1 Reckless Railways
22%
C5S1 Snooty Steppes
22%
C5S2 The Underworld
22%
C4S1 Brutal Bastion
21%
C2S5 Colossal Coliseum
21%
C6S1 Demon's Dojo
21%
C5S2 Restored Reels
21%
C2REMIX The Doggpound
21%
C5S4 Doomstadt
20%
C6S1 Foxy Floodgate
20%
C5S4 Freaky Fields
20%
C5S1 Hazy Hillside
20%
C6S1 Magic Mosses
20%
C6S1 Nightshift Forest
20%
C5S1 Ritzy Riviera
20%
C6S1 Shogun's Solitude
20%
C2REMIX Spaghetti Grotto
20%
C4S1 Anvil Square
19%
C5S2 Brawler's Battleground
19%
C6S1 Flooded Frogs
19%
C6S1 Pumped Power
19%
C3S3 Rave Cave
19%
C5S1 Rebel's Roost
19%
C3S1 Sanctuary
19%
C4S1 Shattered Slabs
19%
C5S4 The Raft
19%
C4S1 Breakwater Bay
18%
C6S1 Brutal Boxcars
18%
C6S1 Canyon Crossing
18%
C6S1 Lost Lake
18%
C5S3 Redline Rig
18%
C3S1 Sleepy Sound
18%
C2S7 Sludgy Swamp
18%
C6S1 Whiffy Wharf
18%
C5S3 Brutal Beachhead
17%
C3S1 Camp Cuddle
17%
C5S4 Doom's Courtyard
17%
C2REMIX Ice Isle
17%
C6S1 Kappa Kappa Factory
17%
C4S2 Kenjutsu Crossing
17%
C3S1 Logjam Lumberyard
17%
C5S3 Sandy Steppes
17%
C6S1 Shining Span
17%
C4S1 Slappy Shores
17%
C3S1 The Joneses
17%
C6S1 Warrior's Watch
17%
C3S1 Coney Crossroads
16%
C4S1 Lonely Labs
16%
C3S4 Reality Tree
16%
C3S2 The Collider
16%
C2S8 The Pyramid
16%
C3S1 Chonker's Speedway
15%
C3S1 Condo Canyon
15%
C5S3 Nitrodrome
15%
C3S3 Reality Falls
15%
C4S1 Faulty Splits
14%
C6S1 Shattered Span
14%
C4S4 Eclipsed Estate
13%
C3S4 Herald's Sanctum
13%
C6S1 Hopeful Heights
13%
C2S8 The Convergence
13%
C6S1 Twinkle Terrace
13%
C3S2 Command Cavern
12%
C2S7 Holly Hatchery
12%
C4S2 Knotty Nets
12%
C4S3 Rumble Ruins
12%
C5S4 Brawler's Patch
11%
C3S4 Cloudy Condos
11%
C2S8 Corny Crops
11%
C3S1 Covert Cavern
11%
C4S4 Sanguine Suites
11%
C4S2 Steamy Springs
11%
C3S4 Chrome Crossroads
9%
C4S4 Relentless Retreat
9%
C4S3 Shady Stilts
9%
C5S3 Shipwreck Shallows
9%
C4S3 Creeky Compound
8%
C3S4 Fort Jonesy
8%
C3S4 Grim Gables
8%
C3S3 Logjam Junction
8%
C3S2 Synapse Station
8%
C3S2 The Fortress
8%
C3S4 Chromejam Junction
7%
C3S4 Flutter Barn
7%
C3S3 Logjam Lotus
7%
C3S4 Shiny Sound
7%
C3S4 Lustrous Lagoon
6%
C3S4 Tainted Towers
6%
C3S4 Shimmering Shrine
5%
C3S3 Shuffled Shrines
5%
No matching quizzes found
Score Distribution
Percent of People with Each Score
Percentile by Number Answered
Your Score History
You have not taken this quiz since the last reset